| 000 | 00765cam a22002294a 4500 | ||
|---|---|---|---|
| 001 | 11871442 | ||
| 005 | 20180228063858.0 | ||
| 008 | 991217s2000 ilu 001 0 eng | ||
| 010 | _a 99086718 | ||
| 020 | _a079313613X (hb) | ||
| 040 |
_aDLC _cDLC _dDLC |
||
| 041 | _aeng | ||
| 042 | _apcc | ||
| 080 | _a380.102854678 tom | ||
| 082 | 0 | 0 |
_a380.102854678 tom _221 |
| 100 | 1 | _a49, | |
| 101 | _asoc | ||
| 245 | 1 | 0 |
_aWeb rules : _cTom Murphy. |
| 906 |
_a7 _bcbc _corignew _d1 _eocip _f19 _gy-gencatlg |
||
| 942 |
_2ddc _cBK |
||
| 999 |
_c43697 _d43697 |
||